| 000 | 00571 a2200253 4500 | ||
|---|---|---|---|
| 260 | _aParis | ||
| 630 | _a658 - Gestion commerciale | ||
| 037 | _b1, Achat | ||
| 650 | _a6 - SCIENCES APPLIQUEES | ||
| 100 | _aBénassy, Jean | ||
| 700 | _aPloix de Rotrou, Roger | ||
| 260 | _bAfnor | ||
| 245 | _aLa gestion informatisée des stocks | ||
| 300 | _a356 p. | ||
| 650 | _aStock : gestion | ||
| 260 | _c1981 | ||
| 300 | _b21cm | ||
| 100 | _lFr | ||
| 440 | _aNormes et Techniques | ||
| 037 | _aS 4826 | ||
| 020 | _a2-12-352-751-3 | ||
| 999 |
_c42052 _d42052 |
||